Vasuti vonal Homonnábol Tákcsányig
Informácia o pripravovanej výstavbe železničnej trate Humenné-Stakčín, ktorá povedie cez 8 obcí a jej dĺžka bude 28 km. Plánovaná je výstavba mostov, jeden z nich najmohutnejší bude spájať sútok Laborca a Cirochy. Myšlienka tejto trate je staronová - obnovil ju budapeštiansky advokát Jenő Rudnyanszk...
| Médium: | Článok |
|---|---|
| Jazyk: | Hungarian |
| Témy: | |
| Zdroj: |
1. Homonna és Vidéke : Vegyes tartalmu közmüvelődési, szépirodalmi és közgazdasági hetilap 1. Roč. 6, č. 42 (18.10.1906) s. 2 |
| LEADER | 01197nab#a2200313#ar4500 | ||
|---|---|---|---|
| 001 | 000067713 | ||
| 003 | SVKKK | ||
| 005 | 19990524xxxxxxx. | ||
| 008 | 06 c xo huno | ||
| FMT | |||
| 038 | |a SVKKK | ||
| 040 | |a SVKKK |b slo |e AACR2 | ||
| 041 | 0 | |a hun | |
| 044 | |a xo |c SK | ||
| 080 | |a 625.17 | ||
| 242 | 1 | 0 | |a Železničná trať z Humenného do Stakčína |
| 245 | 0 | 0 | |a Vasuti vonal Homonnábol Tákcsányig |
| 500 | |a mikrofilm | ||
| 520 | 2 | |a Informácia o pripravovanej výstavbe železničnej trate Humenné-Stakčín, ktorá povedie cez 8 obcí a jej dĺžka bude 28 km. Plánovaná je výstavba mostov, jeden z nich najmohutnejší bude spájať sútok Laborca a Cirochy. Myšlienka tejto trate je staronová - obnovil ju budapeštiansky advokát Jenő Rudnyanszky. | |
| 650 | 0 | 4 | |a trate železničné - Humenné-Stakčín (trať plánovaná) - rok 1906 - informácie |
| 773 | 0 | |t Homonna és Vidéke : Vegyes tartalmu közmüvelődési, szépirodalmi és közgazdasági hetilap |g Roč. 6, č. 42 (18.10.1906) s. 2 | |
| 957 | |a Humenné | ||
| 957 | |a Stakčín | ||
| 958 | |a DG | ||
| 958 | |a SK | ||
| 974 | |a Ba |d 19990524 | ||
| 992 | |a RBX | ||
| BAS | |||
| 998 | |a RETRO | ||